Exposición que el intendente de Guadalaxara D. José López Juana Pinilla dirige al augusto Congreso Nacional, manifestando la necesidad de establecer sobre bases sólidas el sistema general de Hacienda Pública, y de suspender por ahora los efectos de la ley de 13 de septiembre de 1813, en que se suprimen las rentas provinciales y estancadas, y se establece una contribución directa sobre los tres ramos de riqueza territorial, industrial y comercial. Guadalajara, Imprenta Nacional, 1814 (Record no. 19300)
[ view plain ]
| 000 -CABECERA | |
|---|---|
| campo de control de longitud fija | 01142nab#a2200253#c#4500 |
| 003 - IDENTIFICADOR DEL NÚMERO DE CONTROL | |
| campo de control | IEF |
| 005 - FECHA Y HORA DE LA ÚLTIMA TRANSACCIÓN | |
| campo de control | 20191204135513.0 |
| 008 - CÓDIGOS DE INFORMACIÓN DE LONGITUD FIJA | |
| campo de control de longitud fija | 950704s1976 uuu|| #####0 b| |u |
| 040 ## - FUENTE DE LA CATALOGACIÓN | |
| Centro catalogador de origen | IEF |
| Centro transcriptor | ES-MaIEF |
| 100 1# - PUNTO DE ACCESO PRINCIPAL - NOMBRE DE PERSONA | |
| Nombre de persona | López Juana Pinilla, José |
| 9 (RLIN) | 26467 |
| 245 ## - MENCIÓN DE TÍTULO | |
| Título | Exposición que el intendente de Guadalaxara D. José López Juana Pinilla dirige al augusto Congreso Nacional, manifestando la necesidad de establecer sobre bases sólidas el sistema general de Hacienda Pública, y de suspender por ahora los efectos de la ley de 13 de septiembre de 1813, en que se suprimen las rentas provinciales y estancadas, y se establece una contribución directa sobre los tres ramos de riqueza territorial, industrial y comercial. Guadalajara, Imprenta Nacional, 1814 |
| 260 ## - PUBLICACIÓN, DISTRIBUCIÓN, ETC. (PIE DE IMPRENTA) | |
| Fecha de publicación distribución etc. | 1976 |
| 650 #4 - PUNTO DE ACCESO ADICIONAL DE MATERIA--TÉRMINO DE MATERIA | |
| Término de materia o nombre geográfico como elemento inicial | ESPAÑA |
| 9 (RLIN) | 41092 |
| 650 #4 - PUNTO DE ACCESO ADICIONAL DE MATERIA--TÉRMINO DE MATERIA | |
| Término de materia o nombre geográfico como elemento inicial | HISTORIA ECONOMICA |
| 9 (RLIN) | 45401 |
| 650 #4 - PUNTO DE ACCESO ADICIONAL DE MATERIA--TÉRMINO DE MATERIA | |
| Término de materia o nombre geográfico como elemento inicial | HACIENDA PUBLICA |
| 9 (RLIN) | 50201 |
| 650 #4 - PUNTO DE ACCESO ADICIONAL DE MATERIA--TÉRMINO DE MATERIA | |
| Término de materia o nombre geográfico como elemento inicial | SISTEMA FISCAL |
| 9 (RLIN) | 48426 |
| 650 #4 - PUNTO DE ACCESO ADICIONAL DE MATERIA--TÉRMINO DE MATERIA | |
| Término de materia o nombre geográfico como elemento inicial | ORGANIZACION |
| 9 (RLIN) | 47901 |
| 650 #4 - PUNTO DE ACCESO ADICIONAL DE MATERIA--TÉRMINO DE MATERIA | |
| Término de materia o nombre geográfico como elemento inicial | REFORMA |
| 9 (RLIN) | 10750 |
| 650 #4 - PUNTO DE ACCESO ADICIONAL DE MATERIA--TÉRMINO DE MATERIA | |
| Término de materia o nombre geográfico como elemento inicial | SIGLO XIX |
| 9 (RLIN) | 48415 |
| 773 0# - ENLACE AL DOCUMENTO FUENTE | |
| Título | Hacienda pública española |
| Número de control del registro relacionado | 34570 |
| Parte(s) relacionada(s) | 38, p. 295-301 |
| 942 ## - ELEMENTOS DE PUNTO DE ACCESO ADICIONAL (KOHA) | |
| Fuente del sistema de clasificación o colocación | |
| 942 ## - ELEMENTOS DE PUNTO DE ACCESO ADICIONAL (KOHA) | |
| Fuente del sistema de clasificación o colocación | |
| Estado de retiro | Estado de pérdida | Estado dañado | No para préstamo | Localización permanente | Fecha de adquisición | Signatura topográfica completa | Código de barras | Fecha visto por última vez | Precio válido a partir de | Tipo de ítem Koha |
|---|---|---|---|---|---|---|---|---|---|---|
| Disponible para préstamo | IEF | 1995-07-04 | HPE/1976/38-20 | HPE/1976/38-20 | 2018-02-19 | 2018-02-19 | Artículos |